000 01843nam a2200229Ia 4500
003 Ost
005 20260507075320.0
008 260507s9999||||xx |||||||||||||| ||und||
020 _a74250499579
040 _cfsecg
041 _aara
082 _a330.1
100 _aالطويل، رواء زكي يونس
_eمؤلف
245 0 _aمحاضرات في الاقتصاد السياسي /
_c رواء زكي يونس الطويل
260 _aعمان:
_bدار زهران للنشر والتوزيع,
_c2012
300 _a372 صفحة؛
_bإيضاحات ؛
_c25 سم
520 _aالباب الأول : موضوعات فى الاقتصاد السياسى : الفصل الأول : المفاهيم الأولية : المبحث الأول : مصطلح الاقتصاد السياسى : المبحث الثانى : دواعى دراسة علم الاقتصاد السياسى : الفصل الثانى : مفهوم العرض والطلب والمرونة والقيمة : المبحث الأول : تعريف مفهوم العرض والطلب والمرونة : المبحث الثانى : نظريات القيمة : الفصل الثالث : فائدة الدراسة التاريخية للنظام الاقتصاد السياسى : المبحث الأول : تطور النظم الاقتصادى : المبحث الثانى : الاقتصاد الرأسمالى : المبحث الثالث : الرأسمالية الصناعية – الباب الثانى : الانتاج وأساليب الانتاج والتكاليف : الفصل الأول : الانتاج : المبحث الأول : تمهيد لعملية الانتاج : المبحث الثانى : التكاليف.
653 _aالاقتصاد
653 _aالاقتصاد السياسي
653 _aالتخطيط الإقتصادي
942 _cكتاب
999 _c43916
_d43916